La revolución Bolivariana el pasado de una ilusión (Registro nro. 76824)

Detalles MARC
000 -ENCABEZADO
Número de control [NR] 01058nam a2200277Ia 4500
008 - DE LONGITUD FIJA DE DATOS DE ELEMENTOS - INFORMACIÓN GENERAL
Elementos de longitud fija [NR] 130821s2011 ve gr spa
020 ## - NUMERO INTERNACIONAL NORMALIZADO PARA LIBROS [R]
Número Internacional Normalizado del libro [NR] 978 980 7212 03 8
040 ## - FUENTE DE CATALOGACION [NR]
Agencia de catalogación original [NR] Co-BoUCM
Idioma de catalogación [NR] spa
041 00 - CODIGO DE IDIOMA [R]
Código de idioma para texto/pista de sonido o título separado [R] Español
245 03 - MENCION DE TITULO [NR]
Título [NR] La revolución Bolivariana el pasado de una ilusión
Mención de responsabilidad, etc. [NR] compiliador Alfredo Ramos Jiménez ; colobaradores Nelly Arenas ... [et al.]
260 ## - PUBLICACION, DISTRIBUCION, ETC. (PIE DE IMPRENTA) [R]
Lugar de publicación, distribución, etc. [R] Caracas (Venezuela)
Nombre del editor, distribuidor, etc. [R] La hora del Norte
Fecha de publicación, distribución, etc. [R] 2011
300 ## - DESCRIPCION FISICA [R]
Extensión [R] 397 páginas
500 ## - NOTA GENERAL [R]
Nota general [NR] Incluye índice.
600 ## - ASIENTO SECUNDARIO DE MATERIA - NOMBRE PERSONAL [R]
Nombre personal [NR] Chávez Frias, Hugo Rafael
Fechas asociadas con el nombre [NR] 1954-
9 (RLIN) 137766
650 ## - ASIENTO SECUNDARIO DE MATERIA - TERMINO TEMATICO [R]
Término temático o nombre geográfico como elemento de entrada [NR] Historia de América
9 (RLIN) 16931
651 ## - ASIENTO SECUNDARIO DE MATERIA - NOMBRE GEOGRAFICO [R]
Nombre geográfico [NR] Venezuela
Subdivisión general [R] Historia
Subdivisión cronológica [R] Siglo XX
9 (RLIN) 29443
651 ## - ASIENTO SECUNDARIO DE MATERIA - NOMBRE GEOGRAFICO [R]
Nombre geográfico [NR] Venezuela
Subdivisión general [R] Política y gobierno
9 (RLIN) 52567
700 1# - ASIENTO SECUNDARIO - NOMBRE PERSONAL [R]
Nombre personal [NR] Arenas, Nelly
9 (RLIN) 136295
700 1# - ASIENTO SECUNDARIO - NOMBRE PERSONAL [R]
Nombre personal [NR] Caraballo Vivas, Luis
9 (RLIN) 169585
700 1# - ASIENTO SECUNDARIO - NOMBRE PERSONAL [R]
Nombre personal [NR] Dávila, Luis Ricardo
9 (RLIN) 141502
700 1# - ASIENTO SECUNDARIO - NOMBRE PERSONAL [R]
Nombre personal [NR] Gamus Gallego, Raquel
9 (RLIN) 169586
700 1# - ASIENTO SECUNDARIO - NOMBRE PERSONAL [R]
Nombre personal [NR] García Samaniego, Francisco R.
9 (RLIN) 169587
700 1# - ASIENTO SECUNDARIO - NOMBRE PERSONAL [R]
Nombre personal [NR] Ramos Jiménez, Alfredo
Término de relación [R]
9 (RLIN) 169588
942 ## - ELEMENTOS DE ENTRADA AGREGADOS (KOHA)
Tipo de ítem principal el descrito en 300a Libro
Tema principal Historia
Edición 1
Parte restante de la signatura top. R454
Sistema de clasificación DEWEY
Clasificación 987.06
Existencias
Fecha de último préstamo Total préstamos Total Renewals Signatura topográfica Código de barras Última vez visto Ejemplar Price effective from Tipo de ítem Perdido Sistema de clasificación Dañado No prestable Tipo de ítem específico Suprimido Ubicación habitual Ubicación actual Localización Fecha de creación Forma de adquisición Costo
28/07/2025 15 4 987.06 R454 100121486 09/12/2025 Ej.1 03/02/2013 Libro   DEWEY     Libro   Claustro Claustro 2do piso 30/09/2012 Compra 220000.00